000 00475nam a2200157 i 4500
001 135502
003 ES-MaACL
005 20230906194908.0
007 t|
008 070719s1909 sp ||||1| spa d
100 1 _aTorrens y Monner, Antonio.
_9110829
245 1 0 _aCurso teórico - práctico de teneduria de libros por partida doble /
_cAntonio Torrens y Monner.
260 _aBarcelona :
_bBayer Hnos,
_c1909.
300 _a364 p. ;
_c22 cm.
852 _aES-MaACL
_jF-5022
999 _c135502
_d135502